Teória rozhodovania - rozhodovacie stromy a cena dodatočnej informácie bakalárska práca

Salvato in:
Dettagli Bibliografici
Autore principale: Melková, Annamária
Ente Autore: Fakulta hospodárskej informatiky EU. Katedra aplikovanej informatiky
Altri autori: Bednár, Peter
Natura: Libro
Lingua:slovacco
Pubblicazione: Bratislava 2015
Tags: Aggiungi Tag
Nessun Tag, puoi essere il primo ad aggiungerne!!

MARC

LEADER 00000nbm a2200000 4500
001 0203721
005 20161212115204.5
041 0 |a slo 
044 |a SK 
245 1 0 |a Teória rozhodovania - rozhodovacie stromy a cena dodatočnej informácie  |b bakalárska práca  |c Annamária Melková ; školiteľ: Peter Bednár 
264 1 |a Bratislava  |c 2015 
300 |a 41 s. 
100 1 |a Melková, Annamária 
700 1 |a Bednár, Peter 
710 2 |a Fakulta hospodárskej informatiky EU. Katedra aplikovanej informatiky